000 00879nam a2200217 i 4500
001 189668
003 ES-MaACL
005 20251014063307.0
008 190902s1948 sp |||| | spa d
100 1 _aOrs, Álvaro d',
_d1915-2004
_9139081
245 1 0 _aIntroducción al estudio de los documentos del Egipto romano /
_cÁlvaro d'Ors.
260 _aMadrid :
_bInstituto Antonio de Nebrija,
_c1948.
300 _a210 p. ;
_c24 cm.
490 1 _aColección de Manuales "Emérita" ;
_v6
594 _aPrecede al tít.: Consejo Superior de Investigaciones Científicas. Patronato Menéndez Pelayo.
651 4 _aEgipto-
_xHistoria-
_y332 a.C.-640 d.C., Período greco-romano.
_9168052
710 2 _aPatronato "Marcelino Menéndez Pelayo"
_96189
830 0 _aColección de Manuales "Emérita" ;
_v6
_9193364
852 _aES-MaACL
_jP-746-6
999 _c189668
_d189668